000 01017nam a22003137a 4500
003 CHAP
005 20220329140326.0
008 971013s1977 r 00010 d
010 _a50434
011 _a51406
035 _a55556
040 _cCHAP
082 _a634.9258
_bV5
100 0 0 _aVillegas, Carmen.
_9119791
245 _aLegislación forestal en los países que forman parte del Programa IICA-Trópicos
260 _aTurrialba :
_b(s.e.),
_c1977
300 _a476 p.
490 _aInformación al día. Alerta
590 _aBATCH-UPD
_b10
_c20130110
_lUCH01
_h0408
590 _aBATCH-UPD
_b10
_c20130110
_lUCH01
_h2227
590 _aBATCH-UPD
_b10
_c20130410
_lUCH01
_h0042
590 _aBATCH-UPD
_b10
_c20130914
_lUCH01
_h0715
590 _aCONVERSION
_b10
_c20130109
_lUCH01
_h1327
650 1 4 _aBosques
_xLeyes
_xAmérica Latina.
_914324
830 0 _aInformación al día. Alerta
_958080
901 _aBK
942 _cLIBRO
949 _a634.9258 V5
_bBC
_cLIBRO
_d33724000245569
_eLIBRO
_h9439
_i55556
_mD
_si
999 _c50434
_d50434